| 000 | 00576 a2200193 4500 | ||
|---|---|---|---|
| 999 |
_c5278 _d5278 |
||
| 020 | _a9781412923699 | ||
| 050 | 0 | 0 | _aN 72 SMI 2008 |
| 100 |
_aSmith, Marquard _eauthor |
||
| 245 | 0 | 0 |
_aVisual culture studies / _cMarquard Smith |
| 264 |
_aLondon: _bSage Publications, _c2008 |
||
| 300 | _a239 p. ; | ||
| 500 | _aIncludes bibliographical references and index | ||
| 504 | _aIncludes bibliographical references and index | ||
| 650 | 0 | _aArt and society. | |
| 650 | 0 | _aCulture. | |
| 650 | 0 | _aVisual communication. | |
| 650 | 0 | _aVisual perception. | |
| 942 |
_2lcc _cBK _h72 _iSMI _kN |
||